Countries with embassies and consulates in Dallas - Statistics

General Stats
  • This quiz has been taken 72 times
  • The average score is 4 of 5
Answer Stats
Continent Country % Correct
North America Mexico
100%
North America Canada
95%
South America Peru
74%
North America El Salvador
65%
Asia South Korea
65%
No matching quizzes found
Score Distribution
Percent of People with Each Score
Percentile by Number Answered
Your Score History
You have not taken this quiz